Catálogo público

Comportamiento productivo, de calidad y pigmentación del huevo de gallinas alimentadas con dietas suplementados con diferentes niveles de aceite de atún en sustitución a aceite de cartamo / (Record no. 163812)

MARC details
000 -CABECERA
campo de control de longitud fija 01168nam a2200313Ia 4500
001 - NÚMERO DE CONTROL
campo de control Z_719
003 - IDENTIFICADOR DEL NÚMERO DE CONTROL
campo de control CHAP
008 - DATOS DE LONGITUD FIJA--INFORMACIÓN GENERAL
campo de control de longitud fija 220113s2000 xx 000 0 und d
010 ## - NÚMERO DE CONTROL DE LA BIBLIOTECA DEL CONGRESO
Número de control de LC 163812
040 ## - FUENTE DE LA CATALOGACIÓN
Centro/agencia transcriptor CHAP
090 ## - LOCALMENTE ASIGNADO TIPO-LC NÚMERO DE CLASIFICACIÓN (OCLC); NÚMERO DE CLASIFICACIÓN LOCAL (RLIN)
Número de clasificación (OCLC) (R) ; Numero de clasificación, CALL (RLIN) (NR) Tesis V 1432
100 ## - ENTRADA PRINCIPAL--NOMBRE DE PERSONA
Nombre de persona Vázquez Valladolid, José Luis
9 (RLIN) 120541
245 ## - MENCIÓN DE TÍTULO
Título Comportamiento productivo, de calidad y pigmentación del huevo de gallinas alimentadas con dietas suplementados con diferentes niveles de aceite de atún en sustitución a aceite de cartamo /
Mención de responsabilidad, etc. por José Luis Vázquez Valladolid y Humberto Velázquez Aguilar
260 ## - PUBLICACIÓN, DISTRIBUCIÓN, ETC.
Lugar de publicación, distribución, etc. Chapingo, Méx. :
Nombre del editor, distribuidor, etc. El autor,
Fecha de publicación, distribución, etc. 2000
300 ## - DESCRIPCIÓN FÍSICA
Extensión 87 h. : cuadros : gráfs.
502 ## - NOTA DE TESIS
Nota de tesis Tesis (Ing. Agr. Esp. en Zootecnia) -- UACH. Departamento de Zootecnia
650 ## - PUNTO DE ACCESO ADICIONAL DE MATERIA--TÉRMINO DE MATERIA
Término de materia o nombre geográfico como elemento de entrada Aves de corral
Subdivisión general Metabolismo
9 (RLIN) 137863
650 ## - PUNTO DE ACCESO ADICIONAL DE MATERIA--TÉRMINO DE MATERIA
Término de materia o nombre geográfico como elemento de entrada Aves de corral
Subdivisión general Nutrición
9 (RLIN) 8672
650 ## - PUNTO DE ACCESO ADICIONAL DE MATERIA--TÉRMINO DE MATERIA
Término de materia o nombre geográfico como elemento de entrada Aves de corral
Subdivisión general Subproductos
9 (RLIN) 8684
650 ## - PUNTO DE ACCESO ADICIONAL DE MATERIA--TÉRMINO DE MATERIA
Término de materia o nombre geográfico como elemento de entrada Grasas y aceites en nutrición animal
9 (RLIN) 50455
650 ## - PUNTO DE ACCESO ADICIONAL DE MATERIA--TÉRMINO DE MATERIA
Término de materia o nombre geográfico como elemento de entrada Huevos
Subdivisión general Análisis
9 (RLIN) 56739
700 ## - PUNTO DE ACCESO ADICIONAL--NOMBRE DE PERSONA
Nombre de persona Velázquez Aguilar, Humberto
9 (RLIN) 118500
901 ## - ELEMENTOS DE DATOS A LOCAL LDA (RLIN)
a TESIS V 1432
902 ## - ELEMENTOS DE DATOS B LOCAL, LDB (RLIN)
a M
910 ## - DATOS DE OPCIÓN DEL USUARIO (OCLC)
Datos de opción del usuario 2000
942 ## - ELEMENTOS DE PUNTO DE ACCESO ADICIONAL (KOHA)
Tipo de ítem Koha Tesis_
942 ## - ELEMENTOS DE PUNTO DE ACCESO ADICIONAL (KOHA)
Tipo de ítem Koha Tesis_
Holdings
Estado de retiro Estado de pérdida Fuente del sistema de clasificación o colocación Estado dañado Restricciones de uso No para préstamo Código de colección Localización permanente Ubicación/localización actual Fecha de adquisición Fuente de adquisición Total de préstamos Signatura topográfica completa Código de barras Fecha visto por última vez Número de copia Precio válido a partir de Tipo de ítem Koha Fecha del último préstamo
    Clasificación Universidad Autónoma de Chapingo   Préstamo interno   Tesis Zootecnia Zootecnia 09/11/2005 EL autor   Tesis V39 1432 2000 5101002281 18/01/2022 Ej.1 18/01/2022 Tesis  
    Clasificación Universidad Autónoma de Chapingo   Préstamo 5 días   Tesis Zootecnia Zootecnia 09/11/2005 EL autor 1 Tesis V39 1432 2000 5101002282 26/04/2024 Ej.2 18/01/2022 Tesis 26/04/2024